[Event "6th Vergani Cup January 2022"]
[Site "Cattolica"]
[Date "2022.01.08"]
[Round "8.10"]
[White "Becker, Matthias"]
[Black "Brunello, Sabino"]
[Result "0-1"]
[WhiteElo "2311"]
[BlackElo "2503"]
[Annotator "TA"]
[PlyCount "100"]
[EventDate "2022.01.02"]
[EventType "swiss"]
[EventCountry "ITA"]
[SourceTitle "playchess.com"]
[Source "ChessBase"]
[SourceQuality "1"]

{[%evp 9,100,10,25,6,9,15,9,0,0,4,14,0,0,-35,-35,-65,-84,-92,-93,-97,-92,-117,-102,-122,-113,-118,-112,-163,-148,-154,-147,-147,-147,-147,-147,-159,-167,-156,-138,-144,-139,-139,-122,-137,-121,-137,-119,-112,-104,-170,-170,-170,-170,-170,-170,-226,-202,-223,-208,-183,-183,-181,-129,-133,-129,-129,-101,-102,-102,-103,-102,-704,-664,-602,-573,-2549,-2335,-5073,-2513,-29969,-29970,-29970,-29971,-29970,-29972,-29978,-29979,-29979,-29980,-29979,-29979,-29974,-4390]} 1. e4 e5 2. Nc3 Bc5 3. g3 h5 4. Nf3 Nc6 5. Bg2 d6 {[%cal Oh5h4]} 6. Na4 {[#] C25: Vienna Game: Alternatives to 2...Nf6.} a5 $146 ({Predecessor:} 6... Nge7 7. d3 f6 8. O-O a6 9. Nxc5 dxc5 10. Be3 b6 11. a3 g5 12. Ne1 Ng6 {1-0 (33) Turov,M (2415)-Acs,P (2460) Budapest 1997}) 7. Nxc5 dxc5 8. d3 {The position is equal.} Nge7 9. Be3 b6 10. O-O f6 11. c3 Ba6 12. Qa4 Qxd3 13. Rfd1 Qc4 14. Qc2 g5 15. Rd2 h4 16. Bh3 Kf8 17. Bg4 Bc8 18. Bxc8 (18. b3 $17 Qf7 19. Bd7) 18... Rxc8 $19 ({Weaker is} 18... Nxc8 19. Rd7 $15) 19. Qd3 Qxd3 20. Rxd3 Kf7 21. a4 Rcd8 22. Rad1 Rxd3 23. Rxd3 hxg3 24. hxg3 Ke6 25. Nh2 Nc8 26. f3 Nd6 27. Ng4 Nc4 28. Bc1 Rb8 (28... Nb8 {with more complications.} 29. Rd1 Nd7 30. Kg2 Rb8 31. Rh1 b5) 29. Ne3 (29. Kg2 $17 {is a better defense.}) 29... Nxe3 30. Bxe3 {[%mdl 4096] Endgame KRB-KRN} Ne7 31. Rd2 Rh8 32. Rh2 (32. Kg2 $142) 32... Rxh2 33. Kxh2 {KB-KN} Nc8 34. Kh3 Kf7 35. Kg4 Kg6 (35... Nd6 $19 36. Kh3 c6) 36. f4 $17 {[#]} gxf4 37. gxf4 Nd6 38. Kf3 Nc4 39. Bc1 exf4 40. Kxf4 {[%mdl 8192] Loses the game.} (40. Bxf4 $17 Nxb2 41. Bxc7) 40... Ne5 $19 41. Ke3 {[#] Prevents Nd3.} c4 {Strongly threatening ...c5.} 42. Bd2 c5 43. Ke2 Nd3 44. Kd1 Nxb2+ {Black mates.} 45. Kc2 Nxa4 46. Bf4 f5 47. exf5+ Kxf5 48. Bc7 Ke6 49. Bd8 Kd7 50. Bf6 Kc6 {Weighted Error Value: White=0.64/Black=0.03 (flawless)} (50... Kc7 $142 51. Be5+ Kc6 52. Bg7 b5 53. Kb1 b4 54. cxb4 cxb4 55. Be5 c3 56. Kc2 Kb5 57. Kd3 Nc5+ 58. Ke3 Kc4 59. Kf3 b3 60. Bf6 b2 61. Kg4 a4 62. Bd8 a3 63. Bc7 b1=Q 64. Kh4 Qg6 65. Kh3 a2 66. Bf4 a1=Q 67. Bg5 Qh1+ 68. Kg4 Qg2+ 69. Kh4 Q6xg5#) 0-1

[Event "6th Vergani Cup January 2022"]
[Site "Cattolica"]
[Date "2022.01.09"]
[Round "9.1"]
[White "Salimova, Nurgyul"]
[Black "Lalith Babu M R"]
[Result "1/2-1/2"]
[WhiteElo "2353"]
[BlackElo "2553"]
[Annotator "TA"]
[PlyCount "57"]
[EventDate "2022.01.02"]
[EventType "swiss"]
[EventCountry "ITA"]
[SourceTitle "playchess.com"]
[Source "ChessBase"]
[SourceQuality "1"]

{[%evp 9,57,18,13,11,13,15,12,14,10,14,20,0,55,52,62,57,52,59,63,22,11,0,0,0,0,0,0,0,0,0,0,0,0,-2,18,0,20,12,20,16,9,11,31,25,28,0,25,0,13,0]} 1. d4 Nf6 2. Nf3 e6 3. c4 d5 4. Nc3 dxc4 5. e4 Bb4 6. Bxc4 {Black should prevent 0-0. D24: Queen's Gambit Accepted: 3 Nf3 Nf6 4 Nc3.} Nxe4 7. O-O Nxc3 8. bxc3 (8. Qb3 Nd5 9. Bxd5 Qxd5 $17) 8... Be7 9. Ne5 O-O 10. Qg4 {[%mdl 1024] White has compensation.} c5 (10... Bf6 $11) 11. Bh6 $1 $14 {[%csl Gh6][%cal Rg4g7]} Bf6 12. Bd3 {White is much more active.} Re8 {[#]} 13. Qe4 $146 ({Predecessor:} 13. f4 g6 14. Bxg6 fxg6 15. Nxg6 hxg6 16. Qxg6+ Kh8 17. Bg5 Bxg5 18. fxg5 Re7 19. Qh6+ Kg8 20. g6 Nd7 21. Rf3 Nf8 22. Raf1 Nxg6 23. Rg3 Rg7 24. Rxg6 {1-0 (24) Ding,L (2660)-Lu,S (2514) Xinghua 2012}) 13... g6 14. Rfe1 (14. Rfd1 $14 {should be considered.}) 14... cxd4 $11 15. Bb5 ({But not} 15. Qxd4 $2 Nc6 16. Nxc6 Bxd4 $19) 15... Nd7 $1 16. cxd4 {aiming for Qf4.} Bg7 17. Bxg7 ({Wrong is} 17. Nxf7 $2 Kxf7 18. Bxg7 Kxg7 $19) 17... Kxg7 18. Bxd7 Bxd7 19. Qxb7 Re7 20. Rac1 Be8 {[%csl LRb7,LRd4]} 21. Qe4 Qd5 22. Qh4 f6 23. Ng4 Rf7 24. Qh6+ ({Much worse is} 24. Rc5 Qxd4 25. Rec1 h5 $17) 24... Kh8 $1 25. Qe3 Bd7 26. Nh6 Re7 27. Ng4 Rf7 28. Nh6 Re7 29. Ng4 {Weighted Error Value: White=0.06 (flawless) /Black=0.08 (flawless)} 1/2-1/2

[Event "6th Vergani Cup January 2022"]
[Site "Cattolica"]
[Date "2022.01.09"]
[Round "9.2"]
[White "Korobov, Anton"]
[Black "Lagarde, Maxime"]
[Result "1/2-1/2"]
[WhiteElo "2699"]
[BlackElo "2638"]
[Annotator "TA"]
[PlyCount "84"]
[EventDate "2022.01.02"]
[EventType "swiss"]
[EventCountry "ITA"]
[SourceTitle "playchess.com"]
[Source "ChessBase"]
[SourceQuality "1"]

{[%evp 21,84,35,30,17,40,28,21,46,57,65,61,25,37,29,43,0,0,0,0,0,0,0,-8,-8,0,0,258,0,20,28,90,0,162,164,479,473,446,368,393,-71,-75,-69,-76,-80,-66,-70,-70,-88,-77,-135,-138,-135,-131,-131,-131,-144,-159,-153,-143,-136,-17,-97,-29,-33,-7]} 1. d4 {ChessBase II} Nf6 2. c4 g6 3. Nc3 Bg7 4. e4 d6 5. Be2 O-O 6. Nf3 {[%cal Bg1f3,Bf3d4,Bd4c6][%mdl 32]} e5 7. O-O exd4 8. Nxd4 Re8 9. f3 Nc6 10. Be3 Nh5 {[%cal Bf6h5,Bh5f4,Bf4e2][%mdl 32]} 11. Qd2 Nf4 12. Nxc6 {E94: King's Indian: Classical: 6 Be2 e5 7 0-0: Various Black 7th moves.} Bxc3 13. bxc3 (13. Nxd8 Bxd2 14. Bxd2 Nxe2+ 15. Kf2 Nd4 $17) 13... Nxe2+ 14. Qxe2 {The position is equal.} bxc6 15. c5 $1 d5 {[#]} 16. Rad1 $146 {White is more active.} ({Predecessor:} 16. exd5 Qxd5 17. Qf2 Ba6 18. Rfe1 f6 19. Bd4 Qg5 20. Re4 Rxe4 21. fxe4 Rf8 22. Re1 {½-½ (60) Pogorelov,R (2371)-Dimitrov,R (2493) Cappelle la Grande 2018 EXT 2019 [ChessBase II]}) 16... Qe7 17. Qf2 f5 18. Bd4 (18. e5 $14 {was preferrable.}) 18... Ba6 $11 19. Rfe1 {Black must now prevent exf5.} fxe4 20. fxe4 dxe4 21. c4 Qf7 22. Qe3 Rad8 23. Ba1 {Intending Qc3 and mate.} Qxc4 {[%mdl 8192] [#]} (23... Rxd1 $11 {and Black is okay.} 24. Rxd1 Qxc4) 24. h3 $2 (24. Rc1 $1 $18 {[%cal Rc1c4]} Rd3 25. Qf2 (25. Qh6 Qf7 $11)) 24... Rd5 25. Rc1 {[%mdl 1024] White has compensation.} Qd3 {[#]} (25... Qb4 $1 $11) 26. Qh6 (26. Qf2 $1 $16 {[%cal Rf2f6] aiming for Qf6.} Rf5 27. Qb2) 26... Re7 $2 (26... Rd7 $11 27. Qg5 Rf7) 27. Qh4 $18 g5 $2 (27... Re6 {is a better chance.}) 28. Qh6 Rf7 (28... Rf5 $2 29. Rcd1) 29. Qe6 Bc4 {[%cal Ba6c4,Bc4e6,Be6d5][%mdl 32]} 30. Kh2 {[#] To avoid Qg3+} (30. Rxe4 Qd1+ 31. Re1 Qxc1 32. Qc8+ (32. Rxc1 Rd1+ 33. Rxd1 Bxe6 $11) 32... Rf8 33. Qe6+ (33. Rxc1 $2 Rxc8 34. Rxc4 Rd1+ 35. Kf2 Rxa1 $19) 33... Rf7 34. Qc8+ (34. Rxc1 Rd1+ 35. Rxd1 Bxe6 $11) 34... Rf8 35. Qe6+ (35. Rxc1 $2 Rxc8 36. Rxc4 Rd1+ 37. Kh2 Rxa1 $19) 35... Rf7 $11) ({Only move:} 30. Qe8+ $18 Rf8 31. Qxc6 (31. Qe6+ Rf7 $16)) 30... Qg3+ $1 $17 31. Kxg3 Rd3+ {[%mdl 64] Discovered Attack} 32. Kh2 Bxe6 33. Rxe4 Bd5 $36 {[%mdl 2048] Black has some pressure.} 34. Re8+ Rf8 35. Re7 ({White should play} 35. Re2) 35... Rf2 36. Rg7+ Kf8 37. Rxg5 Rdd2 {[%cal Rf2g2]} ({And not} 37... Bxa2 38. Kg1 Re2 39. Bg7+ Ke8 40. Re5+ Rxe5 41. Bxe5 $15) 38. Rg1 Rxa2 ({Worse is} 38... Bxa2 39. Bc3 Rc2 40. Ba5 $17) 39. Bd4 Rfe2 40. h4 h5 (40... a5 $17 {Hoping for ...a4.} 41. h5 a4) 41. Rf5+ (41. Rxh5 $11 Rxg2+ 42. Rxg2 Rxg2+ 43. Kh3) 41... Ke8 (41... Bf7 $17 42. Be5 Ke8 43. Bxc7 a5 44. Re5+ Rxe5 45. Bxe5 Re2) 42. Rxh5 $11 Rxg2+ {Quite a comeback for White.  Weighted Error Value: White=0.42/Black=0.46} 1/2-1/2

[Event "6th Vergani Cup January 2022"]
[Site "Cattolica"]
[Date "2022.01.09"]
[Round "9.3"]
[White "Niemann, Hans Moke"]
[Black "Thybo, Jesper Sondergaard"]
[Result "1-0"]
[WhiteElo "2645"]
[BlackElo "2590"]
[Annotator "TA"]
[PlyCount "125"]
[EventDate "2022.01.02"]
[EventType "swiss"]
[EventCountry "ITA"]
[SourceTitle "playchess.com"]
[Source "ChessBase"]
[SourceQuality "1"]

{[%evp 13,125,23,27,25,22,27,28,17,18,25,21,17,23,19,21,0,0,-15,0,0,0,-50,38,25,50,0,0,0,38,16,34,35,47,27,33,0,13,-16,20,21,39,25,25,29,24,20,21,20,13,-95,-98,-95,-29,-8,-9,-124,0,0,0,0,106,118,109,102,127,86,120,93,120,119,114,113,101,112,122,129,116,116,119,94,236,224,210,112,127,131,160,118,180,148,787,717,756,729,823,817,766,762,706,721,704,688,643,616,698,675,12734,863,29966,29965,29964,29965,5102,4134]} 1. c4 Nf6 2. Nc3 c5 3. Nf3 e6 4. d4 cxd4 5. Nxd4 a6 6. Nc2 b6 7. e4 Qc7 8. Bd3 {B41: Sicilian: Kan Variation: 5 c4.} Bb7 9. f4 $5 {[%mdl 4] An interesting side line.} d6 {[#] To avoid e5} 10. Bd2 $146 {White has an edge.} ({Predecessor:} 10. O-O Be7 11. Bd2 Nbd7 12. b4 O-O 13. Rc1 Rac8 14. Qe2 Rfd8 15. g4 Bf8 16. g5 {1-0 (54) Kidane,R (2049)-Barpiyeva,G (2169) Milan 2003}) 10... Nbd7 11. b4 $1 {To avoid Nc5} g6 12. O-O Bg7 13. Rc1 O-O 14. Re1 Rac8 15. Na1 Qb8 16. Nb3 Rfd8 17. h3 (17. a4 $11) 17... Qa8 (17... a5 $1 $15 18. a3 a4) 18. Qe2 $1 $14 Qa7 19. Qf2 (19. a4 $14) 19... Qa8 $11 20. Qe2 Qb8 21. a4 Ba8 22. Qf2 Qc7 23. Be3 Qb8 24. Qe2 Bf8 25. Rc2 Bh6 26. Rb1 e5 27. f5 Bxe3+ 28. Qxe3 gxf5 $1 29. Qg5+ Kh8 {[%cal Rf5e4]} 30. Qxf5 Rg8 31. Rf2 (31. Nd5 $11 {keeps the balance.} Bxd5 32. exd5) 31... Rg3 $17 32. Rf3 Rcg8 ({Black should try} 32... Rg6 $1 $17 {...Rcg8 is the strong threat.} 33. Nd5 Bxd5 34. exd5 Rcg8) 33. Rxg3 $11 Rxg3 34. Rd1 (34. Nd5 $11 Bxd5 35. exd5) 34... a5 ({Better is} 34... Qg8 $17 35. Rd2 Re3) 35. Kh2 $36 {[%mdl 2048] White has good play.} Qg8 36. Qf2 Rg4 37. bxa5 $16 bxa5 {[%cal Og8g6]} 38. Bc2 Rf4 39. Qe3 (39. Qe2 $142) 39... Rg4 40. Qf3 Rg6 41. Nb5 Ne8 {[%cal Of7f5]} 42. Rd2 {White is much more active.} (42. Nxa5 $6 f5 $11) 42... Qf8 43. Qe3 $1 Nef6 44. Nxd6 Ng4+ 45. hxg4 Rxd6 46. g5 {Inhibits Nf6. Threatens to win with Rxd6.} (46. Nxa5 Nf6 47. Kg1 Rxd2 48. Qxd2 Nxg4) 46... Qe7 (46... Rxd2 $16 {was called for.} 47. Qxd2 Qe7) 47. Rxd6 $1 $18 ({Less strong is} 47. Nxa5 Rxd2 48. Qxd2 Nc5 $16) 47... Qxd6 {[#]} 48. c5 ({Much less strong is} 48. Nxa5 Qc5 49. Qxc5 Nxc5 $16) (48. Qa7 $1 $18 {[%cal Ra7a8]} Bc6 49. Nxa5) 48... Qc6 $16 49. Qc3 Kg7 50. Qxa5 h6 {[#]} 51. Qd2 $1 {And now Na5 would win.} Qxa4 {[%mdl 8192]} (51... hxg5 $16 52. Qxg5+ Kf8 53. Qd8+ Kg7) 52. gxh6+ $18 Kg6 53. Na5 Qd4 54. Qxd4 exd4 {[%mdl 4096] Endgame KBN-KBN} 55. c6 Nb6 56. c7 Kxh6 {[#]} 57. Nc4 $1 {[%mdl 512]} Nc8 58. e5 Bd5 59. Nd6 Be6 60. Bf5 {Intending Bxe6 and mate.} Bxf5 61. Nxf5+ Kg5 62. Nd6 ({Not} 62. Nxd4 Kf4 $18) 62... Ne7 63. Kg3 {Weighted Error Value: White=0.14 (very precise) /Black=0.28 (precise)} 1-0

[Event "6th Vergani Cup January 2022"]
[Site "Cattolica"]
[Date "2022.01.09"]
[Round "9.4"]
[White "Bernadskiy, Vitaliy"]
[Black "Short, Nigel D"]
[Result "1-0"]
[WhiteElo "2599"]
[BlackElo "2633"]
[Annotator "TA"]
[PlyCount "65"]
[EventDate "2022.01.02"]
[EventType "swiss"]
[EventCountry "ITA"]
[SourceTitle "playchess.com"]
[Source "ChessBase"]
[SourceQuality "1"]

{[%evp 15,65,0,0,0,0,0,0,-169,-141,-194,-192,-216,-204,-218,-156,-286,-294,-272,-286,-280,-301,-383,-392,-384,-388,-389,-390,-546,-531,-554,-570,-593,-327,-332,-258,-651,-291,-222,-94,-90,-87,-88,-150,-1058,-1057,-1054,-1045,-1028,-1015,-987,0,0]} 1. e4 e6 2. d4 d5 3. Nc3 Bb4 4. Bd2 dxe4 5. Qg4 Qxd4 6. O-O-O Nf6 7. Qxg7 Rg8 8. Qh6 Bf8 9. Qh4 {aiming for Bg5. C15: French: 3 Nc3 Bb4: Unusual White 4th moves.} Rg4 10. Qh3 Qxf2 11. Nb5 $5 {[%mdl 4] An interesting side line.} (11. Be3 $11 {and White is okay.} Qh4 12. Be2) 11... Na6 $19 {[#]} 12. Be2 $146 (12. Ne2 $17) ({Predecessor:} 12. Qb3 Qb6 13. Nh3 Bd7 14. Be2 Rxg2 15. Nf4 Rxe2 16. Nxe2 Qxb5 17. Qxb5 Bxb5 {0-1 (33) Ianovsky,A (2328)-Galinsky,T (2416) Kiev 2005}) 12... Rg6 (12... Qxg2 13. Bxg4 Qxg4 14. Nc3 $17) (12... Rxg2 13. Be3 e5 14. Bxf2 $16) 13. g4 Qb6 14. Nc3 h6 {To avoid g5} 15. Na4 (15. Be3 $17 Qa5 16. Bc4) 15... Qc6 16. Nc3 {And now Bb5 would win.} Nb4 (16... e3 17. Bb5 $1 exd2+ 18. Rxd2 $18) 17. a3 {[#]} a5 {[%cal Oc8d7,Ba7a5,Ba5b4][%mdl 32]} 18. axb4 (18. Bf4 Bd7) 18... axb4 19. Nb1 e5 ({Weaker is} 19... e3 20. Qxe3 Qxh1 21. Nf3 $17) 20. Qf1 {Black must now prevent Bb5.} Qc5 {Strongly threatening ...Be6.} 21. g5 hxg5 {[%cal Bh6g5,Bg5g4][%mdl 32] Threatens to win with ...Be6.} 22. h4 e3 23. Be1 g4 24. h5 Rh6 $40 {[%mdl 128] Black goes for the king.} 25. Bh4 $2 {[#]} (25. Bc4 Be7 26. Bh4) 25... Be7 (25... b3 $142 $1 {[%csl Gb3][%cal Rc5c2]} 26. c3 Nd5) 26. Bc4 Be6 (26... g3 $19 27. Bb3 Bg4) 27. Bxe6 $17 fxe6 28. Bg5 b3 {[%csl Gb3][%cal Rc5c2]} 29. c3 {[#]} (29. Qe2 $17 bxc2 30. Qxc2 Rxh5 31. Rxh5 Nxh5 32. Bxe7 Qxc2+ 33. Kxc2 Kxe7 34. Re1) 29... Ra1 $1 $19 {[%cal Oc5c3][%mdl 512] ( -> ...Qxc3+!)} 30. Qd3 {[#]} e4 $1 {[%mdl 512]} 31. Qxe3 {[#]} Qa5 $1 {[%mdl 512]} 32. Bxh6 Bc5 $2 ({Black should play} 32... Qa2 $19 33. Kd2 Qxb2+ 34. Ke1 Rxb1) 33. Qe2 $1 {[%mdl 32768] Weighted Error Value: White=0.55/Black=0.45. Loss on time!?} (33. Qd2 $2 {[#] leads to mate.} Rxb1+ $1 {[%mdl 512]} 34. Kxb1 Qa2+ 35. Kc1 Qa1#) 1-0

[Event "6th Vergani Cup January 2022"]
[Site "Cattolica"]
[Date "2022.01.09"]
[Round "9.5"]
[White "Tabatabaei, M. Amin"]
[Black "Dvirnyy, Danyyil"]
[Result "1/2-1/2"]
[WhiteElo "2643"]
[BlackElo "2492"]
[Annotator "TA"]
[PlyCount "107"]
[EventDate "2022.01.02"]
[EventType "swiss"]
[EventCountry "ITA"]
[SourceTitle "playchess.com"]
[Source "ChessBase"]
[SourceQuality "1"]

{[%evp 11,107,0,0,0,0,0,0,0,0,-7,-2,-6,0,0,0,0,0,0,104,0,0,0,0,0,0,0,0,0,0,-13,-11,-84,79,88,283,273,213,88,141,102,119,0,12,10,8,0,76,22,40,0,0,0,0,0,0,0,25,0,39,0,0,-58,-56,-116,0,0,0,0,0,0,0,0,8,8,13,0,0,0,0,0,0,0,0,0,0,0,0,0,0,0,0,0,0,0,0,0,0,0]} 1. d4 Nf6 2. c4 e6 3. Nf3 d5 4. g3 dxc4 5. Bg2 c6 6. O-O b5 7. Ne5 {E04: Open Catalan: 5 Nf3.} Bb7 $1 8. a4 a6 9. b3 cxb3 10. Qxb3 Qxd4 11. Bb2 $132 {[%mdl 2048] White has counterplay} Qb4 12. Qc2 Qc5 13. Qd3 Be7 {[%cal Bf8e7,Be7f6,Bf6g5][%mdl 32]} 14. Nd2 Nd5 (14... Qb6 $11) 15. Ne4 (15. axb5 $16 {Strongly threatening Rfc1.} cxb5 16. Nb3) 15... Qb6 $11 16. Nxf7 {[%mdl 64] Decoy} Kxf7 17. Qf3+ $1 Bf6 (17... Kg8 $2 18. Qg4 Kf8 19. Qxg7+ Ke8 20. Qxh8+ Bf8 21. Nd6+ Kd7 22. Qxf8 $18) 18. Ng5+ (18. Bh3 c5 19. axb5 (19. a5 $2 Qc6 $19) 19... Ke7 $19) 18... Ke7 $1 {[#]} 19. e4 $146 ({Predecessor:} 19. a5 Qc5 20. Qh5 Kd7 21. Nxe6 Kxe6 22. Bh3+ {½-½ (22) Nadeev,S (2437)-Privara,I (2494) ICCF email 2018}) 19... Bxg5 (19... Bxb2 20. Qf7+ Kd8 21. exd5 cxd5 22. Nxe6+ Kc8 23. Rab1 $18) 20. exd5 cxd5 {And now ...Bf6 would win.} 21. Rfe1 (21. Bh3 $11 d4 22. Qh5) 21... Nd7 $2 (21... Bf6 $1 $17 {[%cal Rf6b2]} 22. Bh3 Bxb2 23. Rxe6+ Qxe6 24. Bxe6 Bxa1 25. Qf7+ Kd6 26. axb5 axb5 $1 27. Qxb7 Kxe6 $1 28. Qxa8 Bc3) 22. Qg4 $16 Nf6 $2 23. Qxg5 $18 {The board is on fire.} Kf7 24. Qf4 {Prevents d4.} (24. Bh3 $18 Bc8 25. axb5) 24... Rac8 (24... Rhf8 $142) 25. Bd4 Qc7 {[#] Hoping for ...Qxf4.} 26. Re5 ({White should play} 26. Qh4 $1 $16) 26... Rhe8 27. axb5 axb5 28. Bh3 Re7 (28... Ra8 $1 $11 {remains equal.}) 29. Rae1 {White is much more active. Black has bad knights.} ({White should try} 29. Bg4 $16) 29... Rce8 $1 $11 30. Qe3 {[%mdl 1024] White has compensation.} Qc6 31. Bf5 Bc8 32. h4 {[%cal Oh4h5]} Kg8 {[%cal Of6e4]} 33. h5 {aiming for h6.} Rf7 34. Bh3 {This bishop pair is nice.} Ne4 35. Rc1 (35. f3 $5 {[%cal Rf3e4]} Nf6 36. h6 $14) 35... Qd7 36. Rc2 (36. f3 $1 $11 Nxg3 37. h6) 36... h6 $1 $15 37. Re2 (37. Qc1 $15) 37... Nd6 (37... Qc6 $17 38. f3 Ng5) 38. Qd3 $11 {The position is equal.} Qd8 39. Bxe6 Bxe6 40. Rxe6 Rxe6 41. Rxe6 Nf5 42. Bb2 Qg5 43. Qf3 d4 {[%cal Of5d6]} 44. Bxd4 {Threatens to win with Re8+.} Re7 {Inhibits Re8+.} ({Resist} 44... Qc1+ 45. Kh2 Qc8 46. Qe4 $16) 45. Rxe7 Nxe7 46. Qe2 Kf7 47. Be5 Qc1+ 48. Kh2 {[%cal Oe5g7]} Qc5 49. g4 b4 50. Bb2 Qd6+ 51. Kg1 Nd5 52. Qc4 Qe6 53. Kh2 Nf6 54. Qxe6+ {Weighted Error Value: White=0.20 (precise) /Black=0.19 (very precise)} 1/2-1/2

[Event "6th Vergani Cup January 2022"]
[Site "Cattolica"]
[Date "2022.01.09"]
[Round "9.6"]
[White "Soumya, Swaminathan"]
[Black "Pantzar, Milton"]
[Result "0-1"]
[WhiteElo "2351"]
[BlackElo "2420"]
[Annotator "TA"]
[PlyCount "116"]
[EventDate "2022.01.02"]
[EventType "swiss"]
[EventCountry "ITA"]
[SourceTitle "playchess.com"]
[Source "ChessBase"]
[SourceQuality "1"]

{[%evp 11,116,11,-7,0,39,35,41,31,37,17,31,26,5,20,54,0,21,0,77,74,60,58,100,37,60,29,26,0,0,0,0,0,25,38,35,46,31,0,0,22,21,0,0,0,0,0,0,4,31,30,28,0,0,0,0,0,0,0,0,0,0,0,0,0,0,0,0,-23,-20,-19,-19,-26,-19,-54,-19,-171,-114,-173,-205,-273,-222,-428,-368,-413,-420,-381,-362,-468,-457,-615,-604,-662,-664,-707,-531,-649,-626,-623,-613,-5700,-3533,-12843,-12842,-12842,-12834,-12838,-12837]} 1. e4 c6 2. d4 d5 3. e5 Bf5 4. h4 h5 5. c4 e6 6. Nc3 Ne7 7. Nge2 {7.Nge2 scores better than 7.Bg5. B12: Caro-Kann: Advance Variation.} Bg4 8. Bg5 Nd7 9. f3 {White is slightly better.} Bf5 {[#]} 10. Ng3 $146 ({Predecessor:} 10. cxd5 exd5 11. Ng3 Be6 12. f4 Bg4 13. Bxe7 Bxe7 14. Be2 Bxh4 15. Kf2 Bxe2 16. Qxe2 {0-1 (55) Golubev,M (2461)-Postny,E (2568) Chess.com INT 2021}) 10... f6 11. exf6 gxf6 12. Bf4 {Inhibits Qc7.} Bg6 13. Bd3 Kf7 14. cxd5 exd5 (14... cxd5 $11 {keeps the balance.} 15. Nge2 Rc8) 15. Nce2 $16 Nb6 16. Kf2 Qd7 (16... Nbc8 $14) 17. b3 (17. Bc1 $1 $16) 17... Re8 18. Rc1 Nbc8 19. Qc2 Bxd3 20. Qxd3 Ng6 21. Bd2 Bh6 22. Bxh6 Rxh6 23. Qd2 ({Don't go for} 23. Nf5 $2 Rxe2+ $1 {[%mdl 512]} 24. Qxe2 (24. Kf1 $2 Rh8 $19) 24... Qxf5 $19) 23... Rhh8 24. Nf4 Nxf4 25. Qxf4 {Hoping for Nf5.} Qd6 26. Qxd6 (26. Qd2 {is interesting.} Ne7 27. Rce1 Reg8 28. Ne2 Ng6 29. Reg1) 26... Nxd6 27. Rce1 Rxe1 28. Rxe1 $11 {[%mdl 4096] Endgame KRN-KRN} a5 29. a4 Ra8 30. Nxh5 Nf5 {[%csl LRd4,LRh4]} 31. Rd1 Nxh4 32. g4 Ng6 33. f4 Nf8 34. f5 Nh7 35. Re1 Ng5 36. Kg3 Ne4+ 37. Kf4 Ra6 38. Ng3 Ng5 39. Rc1 Rb6 40. Rc3 Rb4 41. Ke3 Ke7 42. Rd3 Kd6 43. Nh5 $2 {Black continues to play with concentration.} (43. Ne2 $1 $11 {and White is okay.}) 43... Ne4 $19 44. Nf4 (44. Ke2 $17 {keeps fighting.}) 44... b6 45. Ke2 {[#]} c5 $1 46. Ne6 $2 (46. Rh3) 46... cxd4 47. Nxd4 {And now Nc2 would win.} Nc5 48. Nb5+ Ke5 49. Rd1 Rxg4 {Black is clearly winning.} 50. Kf3 Rb4 51. Re1+ Ne4 52. Rc1 Kxf5 53. Rc6 Rxb3+ 54. Kg2 {Black must now prevent Nd4+.} Ke5 {Prevents Nd4. Threatens to win with ...d4.} 55. Kf1 d4 {[%cal Bd5d4,Bd4d3,Bd3d2][%mdl 32] ...d3 is the strong threat.} 56. Rxb6 d3 57. Rb8 Rb1+ 58. Kg2 d2 {Weighted Error Value: White=0.56/Black=0.10 (very precise)} 0-1

[Event "6th Vergani Cup January 2022"]
[Site "Cattolica"]
[Date "2022.01.09"]
[Round "9.7"]
[White "Ioannidis, Evgenios"]
[Black "Arjun Kalyan"]
[Result "1-0"]
[WhiteElo "2454"]
[BlackElo "2537"]
[Annotator "TA"]
[PlyCount "107"]
[EventDate "2022.01.02"]
[EventType "swiss"]
[EventCountry "ITA"]
[SourceTitle "playchess.com"]
[Source "ChessBase"]
[SourceQuality "1"]

{[%evp 21,107,-8,0,0,0,0,0,0,38,32,24,25,25,28,40,30,46,18,26,21,20,8,9,5,4,3,5,9,6,4,22,23,24,13,13,8,12,0,0,0,5,0,10,0,0,0,0,0,0,0,0,0,15,16,20,23,20,28,20,25,28,0,0,0,7,0,0,16,62,43,54,85,757,835,758,752,738,683,1578,1510,1361,1335,1166,1050,938,854,693,681]} 1. c4 Nf6 2. d4 e6 3. Nc3 Bb4 4. Qc2 O-O 5. a3 Bxc3+ 6. Qxc3 b6 7. Bg5 Bb7 8. f3 h6 9. Bh4 d5 10. cxd5 exd5 11. e3 Re8 $1 12. Bb5 {E32: Nimzo-Indian: Classical (4 Qc2): 4...0-0.} c6 13. Ba4 Nbd7 {[%cal Bb8d7,Bd7f8,Bf8e6,Be6c5][%mdl 32]} 14. Ne2 {[#] The position is equal.} Ne4 $146 ({Predecessor:} 14... Qe7 15. Bf2 Ba6 16. Qd2 c5 17. Bd1 Rac8 18. Rc1 Bc4 19. O-O cxd4 20. exd4 Bxe2 21. Rxc8 Bxf1 22. Rxe8+ Nxe8 23. Kxf1 {½-½ (50) Duda,J (2756)-Deac,B (2651) Terme Catez 2021}) 15. Bxd8 Nxc3 16. Nxc3 Raxd8 17. Kf2 Nf8 18. Rac1 Re7 19. Na2 Rc7 20. b4 Ne6 21. Rhd1 c5 22. bxc5 bxc5 23. dxc5 Rxc5 24. Rxc5 Nxc5 25. Bb5 a6 26. Be2 {[%cal Oe3e4]} Kf8 27. Nc3 {[%cal Oe2c4]} Ke7 28. Rb1 {[%cal Oc3a4]} Bc6 {To avoid Na4} 29. Rb4 Kd6 30. h4 g5 31. Rd4 Kc7 32. hxg5 hxg5 33. Rd1 a5 34. Kg3 f5 35. Bd3 Rf8 36. Bb5 Rd8 37. Rc1 {Hoping for Bxc6.} Bxb5 38. Nxb5+ $11 {[%mdl 4160] [#] Endgame Discovered Attack. KRN-KRN} Kb6 39. Rb1 Rf8 40. Nd4+ Ka6 41. Rh1 f4+ 42. exf4 Rxf4 43. Rh6+ Kb7 44. Nb5 d4 (44... Ra4 $11) 45. Rg6 $14 d3 46. Rxg5 Rd4 $2 {[%mdl 8192] Black cannot hold the game after this.} 47. Rxc5 $18 {KRN-KR. White is clearly winning.} ({And not} 47. Nxd4 d2 $11) 47... d2 48. Nc3 {[#] aiming for Nd1.} ({Stronger than} 48. Nxd4 d1=Q $11) 48... Kb6 49. Rb5+ Ka6 50. Rb1 Rd3 51. Nd1 Rxa3 52. Rb2 Rd3 53. Kf2 a4 54. Ke2 {[%csl LRd2,LRd3] Weighted Error Value: White=0.04 (flawless) /Black=0.08 (flawless)} 1-0